000 00596cam a2200217 a 4500
001 631896
005 20231122232547.0
008 920806s1991 ph a b 000 0 eng
020 _a9718605096
040 _aDLC
_cDLC
_dDLC
082 0 0 _a305.4/09599
_220
245 0 0 _aEssays on women /
_cMary John Mananzan ... [et al.] ; edited by Mary John Mananzan.
250 _aRev. ed.
260 _aManila :
_bInstitute of Women's Studies,
_c1991.
300 _a182 p. :
490 1 _aWomen's studies series ;
650 0 _aWomen
650 0 _aWomen
700 1 _aMananzan, Mary John,
_eedt
942 _cL
999 _c55
_d55